[Event "AUTO-BEG-421"]
[Site "http://www.queenalice.com/game.php?id=831397"]
[Date "2010.9.11"]
[Round "1"]
[White "manderin1973"]
[Black "kleberrocha"]
[Result "1-0"]
[WhiteElo "1196"]
[BlackElo "1316"]

1. e4 c6 2. Bc4 b5 3. Bd3 e6 4. Nf3 g5 5. Ne5 f6 6. Ng4 Na6 7. e5 h5 8. Nxf6+
Nxf6 9. exf6 Qxf6 10. O-O g4 11. Nc3 Bc5 12. Ne4 Qd4 13. Nxc5 Nxc5 14. Bg6+ Kf8
15. c3 Qf6 16. d4 Na4 17. Be4 h4 18. Qxg4 d5 19. Bg5 e5 20. Bxf6 Bxg4 21. Bxh8
dxe4 22. Rae1 Ke7 23. Rxe4 Bf5 24. Rxe5+ Be6 25. Rfe1 Kd8 26. Rxe6 Kd7 27. Re7+
Kc8 28. f4 Nxb2 29. Rf7 Kd8 30. Ree7 Rc8 31. Re6 Rc7 32. Rf8+ Kd7 33. Rg6 Nc4
34. f5 Nd6 35. h3 Rc8 36. Rg7+ Nf7 37. Rgxf7+ 1-0

[Event "AUTO-BEG-421"]
[Site "http://www.queenalice.com/game.php?id=831398"]
[Date "2010.9.11"]
[Round "1"]
[White "kleberrocha"]
[Black "manderin1973"]
[Result "0-1"]
[WhiteElo "1234"]
[BlackElo "1192"]

1. d4 d5 2. g3 Nf6 3. Nf3 Ne4 4. c3 Bg4 5. Ne5 Nc6 6. Nxg4 Na5 7. Bg2 e6 8. b4
Nc4 9. f3 Ned6 10. h4 Nf5 11. e4 Nxg3 12. Kf2 Nxh1+ 13. Bxh1 Be7 14. Bg5 h5 15.
Qg1 hxg4 16. Qxg4 f6 17. Bf4 Qd7 18. e5 Qa4 19. Qxg7 Rxh4 20. Qg8+ Kd7 21. Qxa8
Qc2+ 22. Kg3 Rxh1 23. exf6 Rg1+ 24. Kh4 Rh1+ 25. Kg5 Qg2+ 26. Bg3 Qxg3# 0-1

[Event "AUTO-BEG-421"]
[Site "http://www.queenalice.com/game.php?id=831399"]
[Date "2010.9.11"]
[Round "1"]
[White "manderin1973"]
[Black "I_BOSS_BO"]
[Result "0-1"]
[WhiteElo "1169"]
[BlackElo "1309"]

1. e4 e5 2. Nf3 d5 3. d4 dxe4 4. Nxe5 Qf6 5. Bc4 Nh6 6. Nc3 e3 7. Bxe3 Qh4 8.
Nd5 Bd6 9. O-O c6 10. Nf4 c5 11. Nd5 f6 12. Bb5+ Bd7 13. Bc4 fxe5 14. dxc5 Bg4
0-1

[Event "AUTO-BEG-421"]
[Site "http://www.queenalice.com/game.php?id=831400"]
[Date "2010.9.11"]
[Round "1"]
[White "I_BOSS_BO"]
[Black "manderin1973"]
[Result "1-0"]
[WhiteElo "1298"]
[BlackElo "1180"]

1. e3 e5 2. Nc3 Nf6 3. Bc4 Nc6 4. g4 Bc5 5. g5 Na5 6. Bd3 Ng4 7. Qxg4 b6 8. b4
f6 9. bxc5 fxg5 10. Qh5+ g6 11. Bxg6+ Ke7 12. Be4 Nc4 13. d3 Na5 14. Qxg5+ 1-0

[Event "AUTO-BEG-428"]
[Site "http://www.queenalice.com/game.php?id=845125"]
[Date "2010.10.13"]
[Round "1"]
[White "Laramsm"]
[Black "manderin1973"]
[Result "1-0"]
[WhiteElo "1338"]
[BlackElo "1203"]

1. e4 e5 2. Nf3 Nc6 3. d4 d6 4. Bc4 Na5 5. Bd3 Nf6 6. dxe5 dxe5 7. O-O Bc5 8. c3
Ng4 9. b4 Nb3 10. Qxb3 Qxd3 11. h3 Nxf2 12. Ng5 Nxe4+ 13. Kh2 Qg3+ 14. Kh1 Nxg5
15. Bxg5 Bf5 16. Qa4+ c6 17. Bf4 e4 18. Bxg3 Be3 19. Rxf5 b5 20. Qb3 Kd8 21.
Qxf7 Re8 22. Qc7# 1-0

[Event "AUTO-BEG-428"]
[Site "http://www.queenalice.com/game.php?id=845126"]
[Date "2010.10.13"]
[Round "1"]
[White "manderin1973"]
[Black "Laramsm"]
[Result "0-1"]
[WhiteElo "1159"]
[BlackElo "1382"]

1. e4 e5 2. Bc4 Nf6 3. Nc3 c6 4. Nf3 d5 5. Bd3 d4 6. Na4 b5 7. Nxe5 bxa4 8. Bc4
Be6 9. Bxe6 fxe6 10. d3 Bd6 11. O-O Bxe5 12. Bg5 Na6 13. Rb1 O-O 14. Qg4 Nxg4
15. Bxd8 Raxd8 16. b3 Bxh2+ 17. Kh1 Be5 18. f3 Ne3 19. Rg1 axb3 20. Rxb3 Nc5 21.
g3 Rxf3 22. Ra3 Nxc2 23. Rxa7 Nxd3 0-1

[Event "AUTO-BEG-428"]
[Site "http://www.queenalice.com/game.php?id=845139"]
[Date "2010.10.13"]
[Round "1"]
[White "yuri2099"]
[Black "manderin1973"]
[Result "1-0"]
[WhiteElo "1388"]
[BlackElo "1190"]

1. Nc3 e5 2. Nf3 Nc6 3. e4 Nf6 4. Bc4 Bc5 5. Ng5 O-O 6. Nd5 Na5 7. b4 Nxc4 8.
bxc5 c6 9. Nxf6+ gxf6 10. Nh3 d6 11. d3 Na5 12. Ba3 d5 13. f4 d4 14. Qd2 Bg4 15.
Bb4 Rb8 16. Bxa5 Qd7 17. Nf2 b6 18. cxb6 axb6 19. Bb4 c5 20. Nxg4 Qe7 21. Nh6+
Kg7 22. Nf5+ Kg8 23. Nxe7+ Kg7 24. Ba3 Ra8 25. Bc1 Rfe8 26. Nf5+ Kg8 27. h4 exf4
28. Qxf4 Rec8 29. Ne7+ Kf8 30. Nxc8 Rxc8 31. Rb1 Ra8 32. a3 1-0

[Event "AUTO-BEG-428"]
[Site "http://www.queenalice.com/game.php?id=845140"]
[Date "2010.10.13"]
[Round "1"]
[White "manderin1973"]
[Black "yuri2099"]
[Result "0-1"]
[WhiteElo "1225"]
[BlackElo "1378"]

1. e4 e5 2. Bc4 Nf6 3. Nc3 c5 4. Nf3 Bd6 5. Ng5 O-O 6. Qf3 h6 7. Qf5 hxg5 8.
Qxg5 Nc6 9. Nd5 Be7 10. h4 Nxe4 11. Qh5 g6 12. Qh6 Nd6 13. h5 Bg5 14. Qxf8+ Qxf8
15. Nc7 Rb8 16. Bd5 Nd4 17. Rb1 N6f5 18. c3 Nc6 19. d3 Qh6 20. g4 Nfe7 21. Bxg5
Qxg5 22. Nb5 Nxd5 23. Nd6 Qxg4 24. Ne8 gxh5 25. c4 Ndb4 26. Nf6+ Kf8 27. Rxh5
Qg1+ 28. Ke2 Qxb1 29. Nh7+ Kg7 0-1

[Event "Challenge"]
[Site "http://www.queenalice.com/game.php?id=866401"]
[Date "2010.12.2"]
[Round "-"]
[White "manderin1973"]
[Black "titi93"]
[Result "0-1"]
[WhiteElo "1182"]
[BlackElo "1537"]

1. e4 e5 2. Nf3 d6 3. Nc3 Nc6 4. Nd5 Be6 5. Bb5 a6 6. Bc4 b5 7. Bd3 Bxd5 8. exd5
Nb4 9. Bf5 Nxd5 10. Nd4 Nge7 11. Qg4 exd4 12. O-O Nxf5 13. Qxf5 Nf6 0-1

[Event "AUTO-BEG-421"]
[Site "http://www.queenalice.com/game.php?id=890256"]
[Date "2011.1.23"]
[Round "2"]
[White "manderin1973"]
[Black "Wyrmnax"]
[Result "0-1"]
[WhiteElo "1117"]
[BlackElo "1542"]

1. e4 c6 2. d4 d5 3. Nc3 dxe4 4. Nxe4 Bf5 5. f3 e6 6. Ne2 Nf6 7. Nc5 Nbd7 8.
Nxb7 Qb6 9. g4 Bg6 10. Nd6+ Bxd6 11. a4 Qa5+ 12. Bd2 Qd5 13. Nc3 Qxd4 14. Be3
Qxe3+ 15. Be2 Ne5 16. Qxd6 Nxf3+ 17. Kf1 Ne4 18. Nd1 Nfd2+ 19. Ke1 Qf2+ 20. Nxf2
Rd8 21. Qxc6+ Ke7 22. Nd3 Rd6 23. Qc7+ Rd7 0-1

[Event "AUTO-BEG-421"]
[Site "http://www.queenalice.com/game.php?id=890257"]
[Date "2011.1.23"]
[Round "2"]
[White "Wyrmnax"]
[Black "manderin1973"]
[Result "1-0"]
[WhiteElo "1561"]
[BlackElo "1129"]

1. e4 e5 2. d3 d5 3. exd5 Qxd5 4. Be3 Nf6 5. Nc3 Nc6 6. Nxd5 Kd8 7. c4 Bf5 8.
Be2 g6 9. Nxf6 Bb4+ 10. Bd2 Bc5 11. Nf3 e4 12. dxe4 Bxe4 13. Ng5 Bxg2 14. Rg1 h6
15. Nxf7+ Ke7 16. Nxh8 Nd4 17. Rxg2 Kxf6 18. Rxg6+ Kf5 19. Bd3+ Ke5 20. Qh5+ Nf5
21. Qxf5+ 1-0

[Event "Let's Play Chess!"]
[Site "http://www.queenalice.com/game.php?id=890340"]
[Date "2011.1.25"]
[Round "-"]
[White "Caranca"]
[Black "manderin1973"]
[Result "1-0"]
[WhiteElo "1189"]
[BlackElo "1092"]

1. e3 d5 2. h3 e5 3. a3 Nf6 4. d3 Bc5 5. Nf3 Nc6 6. b4 e4 7. Ng1 Bd6 8. Nc3 O-O
9. h4 Qd7 10. h5 a5 11. h6 Qe6 12. hxg7 Re8 13. Nb5 Qe5 14. f4 Qe7 15. Qe2 Bg4
16. Qf2 axb4 17. a4 b3 18. cxb3 Bb4+ 19. Bd2 Rad8 20. Bxb4 Nxb4 21. Qh4 Nc2+ 22.
Kd2 Nxa1 23. Nxc7 Rf8 24. Qg5 1-0

[Event "It is not simple as you thought!"]
[Site "http://www.queenalice.com/game.php?id=890727"]
[Date "2011.1.25"]
[Round "-"]
[White "limaosiciliano"]
[Black "manderin1973"]
[Result "1-0"]
[WhiteElo "2100"]
[BlackElo "1119"]

1. c4 e5 2. Nc3 Nc6 3. g3 Nd4 4. e3 c5 5. exd4 cxd4 6. Nd5 Bc5 7. d3 Nf6 8. Bg2
O-O 9. Ne2 Ng4 10. O-O Qg5 11. Bxg5 a5 12. h3 h6 13. Bd2 d6 14. hxg4 a4 15. f4
Bxg4 16. Qe1 a3 17. b4 b5 18. bxc5 dxc5 19. fxe5 Rae8 20. Nef4 bxc4 21. dxc4 Bf5
22. Be4 Bh3 23. Nxh3 1-0

[Event "AUTO-BEG-458"]
[Site "http://www.queenalice.com/game.php?id=891334"]
[Date "2011.1.26"]
[Round "1"]
[White "manderin1973"]
[Black "murphyfish"]
[Result "0-1"]
[WhiteElo "1136"]
[BlackElo "1371"]

1. e4 e5 2. Nf3 d5 3. d3 Nc6 4. Bg5 Nf6 5. exd5 Qxd5 6. Nc3 Qa5 7. a3 Bc5 8. b4
Nxb4 9. Nxe5 Nc6 10. Be2 Qxc3+ 11. Kf1 Qxe5 12. h4 Qf5 0-1

[Event "AUTO-BEG-458"]
[Site "http://www.queenalice.com/game.php?id=891351"]
[Date "2011.1.26"]
[Round "1"]
[White "Jules_Winnfield86"]
[Black "manderin1973"]
[Result "1-0"]
[WhiteElo "1830"]
[BlackElo "1138"]

1. c4 e5 2. Nc3 Nc6 3. g3 Nd4 4. Bg2 c5 5. e3 Ne6 6. Nge2 Nf6 7. d4 Ng4 8. O-O
Qf6 9. h3 Bd6 10. Ne4 Qg6 11. Nxd6+ Ke7 12. Nxc8+ Raxc8 13. hxg4 1-0

[Event "AUTO-BEG-458"]
[Site "http://www.queenalice.com/game.php?id=891352"]
[Date "2011.1.26"]
[Round "1"]
[White "manderin1973"]
[Black "Jules_Winnfield86"]
[Result "0-1"]
[WhiteElo "1140"]
[BlackElo "1828"]

1. e4 c5 2. d4 cxd4 3. Qxd4 Nc6 4. Qe3 d6 5. Bc4 Nf6 6. Bd2 g6 7. Nc3 Bg7 8. Nf3
O-O 9. Nd5 Nxd5 10. Bxd5 Bxb2 11. Ng5 Bxa1 12. Qf4 Bf6 0-1